000 00372nam a2200133Ia 4500
008 151001s9999||||xx |||||||||||||| ||und||
100 _aरवींद्रनाथ टागोर
245 _aनौकाडुबी
250 _a4
260 _bसुरस प्रकाशन पंजाब
260 _c1985
300 _a304
365 _b18
999 _c965926
_d965923